| LEADER |
01421nam0a2200205 450 |
| 001 |
16840037 |
| 010 |
|
|
|a 978-2-330-16802-5
|b broché
|d 23
|
| 100 |
|
|
|a 20220922d2022 u u0frey01 ba
|
| 101 |
1 |
|
|a fre
|c
|
| 102 |
|
|
|a FR
|
| 200 |
0 |
|
|a Oh, Canada
|f Russell Banks
|g roman traduit de l'américain par Pierre Furlan
|
| 207 |
|
1 |
|a
|
| 210 |
|
|
|a Arles
|b 43-47 Rue du docteur Fanton. - Passage du Méjan
|c Actes Sud
|d 2022
|
| 215 |
|
|
|a 1 volume (328 pages)
|d 24 cm
|
| 330 |
|
|
|a Au seuil de la mort, Leonard Fife, célèbre documentariste, accepte une interview filmée que veut réaliser l¹un de ses disciples, Malcolm. Fife a exigé le noir complet sur le plateau ainsi que la présence constante de sa femme, Emma, pour écouter ce qu¹il a à dire, loin des attentes de Malcolm. Après une vie de mensonges, Fife entend lever le voile sur ses secrets mais, sous l¹effet de l¹aggravation rapide de son état, sa confession ne ressemble pas à ce que lui-même avait prévu. Puissant, écorché, bouleversant, ce roman testamentaire sur les formes mouvantes de la mémoire pose la question de ce qui subsiste [xe2][x80][x93] de soi, des autres [xe2][x80][x93] lorsqu¹on a passé sa vie à se dérober.
|
| 700 |
|
0 |
|a Banks
|b Russell
|f 1940-....
|4 70
|
| 701 |
|
0 |
|a Furlan
|b Pierre
|4 730
|
| 900 |
|
|
|a Roman
|
| 901 |
|
|
|a Accessible au prêt
|
| 995 |
|
|
|a Bibliothèque
|c Bibliothèque
|f 024022786
|h 024022786
|k R BAN
|o p
|q a
|r az
|e Bibliothèque
|